El puesto de la razón en la ética / (Record no. 34286)
[ view plain ]
| 000 -CABECERA | |
|---|---|
| campo de control de longitud fija | 00816nam a2200229 a 4500 |
| 001 - NÚMERO DE CONTROL | |
| campo de control | 000034795 |
| 005 - FECHA Y HORA DE LA ÚLTIMA TRANSACCIÓN | |
| campo de control | 20240514073717.0 |
| 008 - DATOS DE LONGITUD FIJA--INFORMACIÓN GENERAL | |
| campo de control de longitud fija | 111019s1964 sp 000 0 spa d |
| 040 ## - FUENTE DE LA CATALOGACIÓN | |
| Centro catalogador/agencia de origen | DO-SdBNP |
| Lengua de catalogación | spa |
| Centro/agencia transcriptor | BNPHU |
| 082 ## - NÚMERO DE LA CLASIFICACIÓN DECIMAL DEWEY | |
| Número de clasificación | 170 |
| Número de documento/Ítem | T724p |
| 100 1# - ENTRADA PRINCIPAL--NOMBRE DE PERSONA | |
| Nombre de persona | Toulmin, Stephen Edelston |
| 9 (RLIN) | 4872 |
| 240 10 - TÍTULO UNIFORME | |
| Título uniforme | An examination of the place of reason in Ethics |
| Lenguaje de la obra | español |
| 245 13 - MENCIÓN DE TÍTULO | |
| Título | El puesto de la razón en la ética / |
| Mención de responsabilidad, etc. | Stephen E. Toulmin ; traducción I. F. Ariza ; prólogo José Luis L. Aranguren. |
| 260 ## - PUBLICACIÓN, DISTRIBUCIÓN, ETC. | |
| Lugar de publicación, distribución, etc. | Madrid : |
| Nombre del editor, distribuidor, etc. | Revista de Occidente, |
| Fecha de publicación, distribución, etc. | 1964. |
| 300 ## - DESCRIPCIÓN FÍSICA | |
| Extensión | 258 p. ; |
| Dimensiones | 23 cm. |
| 500 ## - NOTA GENERAL | |
| Nota general | Traducido del inglés. |
| 650 #0 - PUNTO DE ACCESO ADICIONAL DE MATERIA--TÉRMINO DE MATERIA | |
| Término de materia o nombre geográfico como elemento de entrada | Ética |
| 9 (RLIN) | 509 |
| 650 #4 - PUNTO DE ACCESO ADICIONAL DE MATERIA--TÉRMINO DE MATERIA | |
| Término de materia o nombre geográfico como elemento de entrada | Razón |
| 9 (RLIN) | 60298 |
| 700 1# - PUNTO DE ACCESO ADICIONAL--NOMBRE DE PERSONA | |
| Nombre de persona | Ariza, I. F., |
| Término indicativo de función/relación | tr. |
| 9 (RLIN) | 60299 |
| 700 1# - PUNTO DE ACCESO ADICIONAL--NOMBRE DE PERSONA | |
| Nombre de persona | Aranguren, José Luis L., |
| Término indicativo de función/relación | pról. |
| 9 (RLIN) | 60300 |
| 910 ## - DATOS DE OPCIÓN DEL USUARIO (OCLC) | |
| Datos de opción del usuario | Validado. Control de calidad BNPHU |
| Estado de retiro | Estado de pérdida | Restricciones de uso | No para préstamo | Código de colección | Localización permanente | Ubicación/localización actual | Ubicación en estantería | Fecha de adquisición | Número de inventario | Total de préstamos | Signatura topográfica completa | Código de barras | Fecha visto por última vez | Precio válido a partir de | Tipo de ítem Koha | Nota pública |
|---|---|---|---|---|---|---|---|---|---|---|---|---|---|---|---|---|
| Excluido de préstamo | Monografías: Libros y Folletos | General | General | Depósito | 19.10.2011 | LF1 | 170 T724p | 34795-10 | 25.06.2020 | 25.06.2020 | No se presta | Perteneció a la biblioteca personal de Juan Isidro Jimenes -Grullón |
